Costos indirectos de fabricación departamentalización (Registro nro. 2034)

Detalles MARC
000 -LEADER
fixed length control field 01138 a2200193 4500
001 - CONTROL NUMBER
control field 30138
005 - DATE AND TIME OF LATEST TRANSACTION
control field 20260407155612.0
008 - FIXED-LENGTH DATA ELEMENTS--GENERAL INFORMATION
fixed length control field 260407a1975 arg spa d
003 - CONTROL NUMBER IDENTIFIER
control field AR-UNSa-BCEJYS
040 ## - CATALOGING SOURCE
Original cataloging agency AR-UNSa-BCEJYS
Language of cataloging spa
Transcribing agency AR-UNSa-BCEJYS
080 ## - UNIVERSAL DECIMAL CLASSIFICATION NUMBER
Universal Decimal Classification number 657.474.55
Common auxiliary subdivision Costes directos e indirectos. Costes marginales<br/>
100 1# - MAIN ENTRY--PERSONAL NAME
Personal name Aimar Franco, Osvaldo
245 10 - TITLE STATEMENT
Title Costos indirectos de fabricación departamentalización
264 #1 - PRODUCTION, PUBLICATION, DISTRIBUTION, MANUFACTURE, AND COPYRIGHT NOTICE
Place of production, publication, distribution, manufacture Buenos Aires :
Name of producer, publisher, distributor, manufacturer El Coloquio
Date of production, publication, distribution, manufacture, or copyright notice 1975
300 ## - PHYSICAL DESCRIPTION
Extent 301 p.
Dimensions 21 cm.
505 ## - FORMATTED CONTENTS NOTE
Formatted contents note 1. Características de sus elementos - 2. Posición de los costos reales y aplicados - 3. Asignación y prorrateo de costos - 4. Costos indirectos y su acumulación. Distribución,destino final y capacidad de planta - 5. Cuota predeterminada - 6. Naturaleza de los gastos y su comportamiento con la productividad. Contabilización - 7. Gravitación de los gastos en la contribución marginal - 8. Centros de producción y de servicio - 9. Bases de distribución. Posiciones que originan - 10. Control directivo de los costos indirectos de fabricación.
590 ## - LOCAL NOTE (RLIN)
Local note niveau_biblio:m niveau_hierar:0
942 ## - ADDED ENTRY ELEMENTS (KOHA)
Koha item type
Existencias
Withdrawn status Lost status Damaged status Not for loan Home library Current library Shelving location Date acquired Total checkouts Full call number Barcode Date last seen Price effective from Koha item type
        Biblioteca Prof. Eusebio Cleto del Rey Biblioteca Prof. Eusebio Cleto del Rey   07/04/2026   657.474.55 A294 L12294 07/04/2026 07/04/2026 Libro